000 00671nam a2200289Ia 4500
005 20260324145732.0
008 008 260324s9999 xx 000 0 eng d
020 _a9781351140843
037 _aEBOOK
040 _aCRL
040 _beng
040 _cCRL
041 _2eng
041 _aeng
084 _qCRL
100 _aJay M. Gould
_91224012
245 0 _aInput/Output Databases
245 0 _bUses in Business and Government
260 _bTaylor and Francis
260 _c1979
365 _a
365 _b170
856 _uhttp://www.taylorfrancis.com/books/9781351140843
942 _cEBOOK
999 _c1832322
_d1832322